01027 a2200241 45000010006000000050017000060080041000230030015000640400040000790800050001192450051001690200022002202640033002423000019002755050190002940410008004849420007004925900036004991000033005358560095005689990015006639520107006784105220260407155704.0260407a2007 arg spa dAR-UNSa-BCEJYS aAR-UNSa-BCEJYSbspacAR-UNSa-BCEJYS a347.2xDerechos reales. Cosas. Bienes muebles10aSistema de derechos realespgarantías reales a978-950-894-667-6 1aBuenos Aires :bAD-HOCc2007 a223 p.c20 cm. a1. Los derechos reales de garantía: nociones comunes e introductorias - 2. La hipoteca - 3. La hipoteca (Cont.) - 4. La prenda ordinaria - 5. La prenda con registro - 6. La anticresis aspa cBK aniveau_biblio:m niveau_hierar:01 aReina Tartiére, Gabriel de41uhttps://biblioeco.unsa.edu.ar/pmb/images/libros/L126346.jpgyImagen de portadaqimage/jpeg c3342d3342 00104070aBCEJYSbBCEJYSc16d2026-04-07l0o347.2 R364pL126345r2026-04-07 15:57:04w2026-04-07yL